00553nam a2200157Ia 4500008004100000020001800041082002700059100002800086245008800114250000700202260002400209300001100233650003300244952010100277999001700378120622s9999 xx 000 0 und d a970-07-3458-7 a346.972 R741d v.2 2003 aRojina Villegas, Rafael aDerecho civil mexicano : tomo segundo : derecho de familia / Rafael Rojina Villegas a10 aMéxico : Porrúa a863 p. a1. DERECHO CIVIL - MEXICOÌ 00104070a01b01d2007-01-25l0o346.972 R741D V.2 2003p01 008735r2012-06-24w2012-06-24yLB c58010d58010